Регионална библиотека "Любен Каравелов" - Русе

Обща патология на растенията (Запис номер 65948)

MARC детайли
000 -Лидер
Контролно поле с фиксирана дължина 01698nam a2200361 c 4500
003 - Код на организацията, давaща контролен номер
Контролно поле BLK
005 - Дата и час на последна редакция
Контролно поле 20250516131607.0
008 - Елементи от данни с фиксирана дължина
fixed length control field 180408b bul|||||r ||||||| ||bul||
010 ## - Наследен системен номер
LC control number KNG00070232000
020 ## - Международен стандартен номер на книга ISBN
Международен стандартен номер на книга ISBN 954-642-214-2
-- издат.: Пенсофт
040 ## - Източник на каталожния запис
Идентификатор на билиотеката - собственик на записа BLK
041 ## - Код за език
Код за езика на текст/звукозапис или на отделно заглавие Български
Код за езика КДБФ Български
080 ## - УДК
Текстов определител УДК Вредители на растенията. Болести. Защита
УДК код - определител по УДК 632
УДК определител
УДК - код + определител 632
080 ## - УДК
Текстов определител УДК Болести на растенията (без болести на селскостопанските растения). Фитопатология. Тератология. Подразделя се аналогично на 632
УДК код - определител по УДК 581.2
УДК определител
УДК - код + определител 581.2
100 1# - Редна дума - Автор
Автор Станчева, Йорданка Мирчева
Авторска отговорност първи автор
R(LIN) 270167
139 ## - Редно поле
Редна дума Станчева, Йорданка Мирчева
Авторски знак Станч - С 70
245 10 - Сведения за заглавието
Заглавие Обща патология на растенията
Редно поле (дума) Йорданка Мирчева Станчева.
257 ## - Страна на издаване
Страна на създаване/издаване България
260 ## - Област на издателските данни
-- София
Име на издателя, разпространителя и проч. Пенсофт
Година на издаване 2004
Печатница София : Унив. изд. Св. Климент Охридски
300 ## - Физическа характеристика
Страници 534 с.
Размери/Мащаб 24 см
380 ## - Жанр
Жанр Селско стопанство
500 ## - Общи забележки
Забележка Съдържа и Речник на термините. - Офс. изд. - Библиогр. с. 531-534.
650 #4 - Допълнително описание по предмет – тема
Основно описание – тема или топоним Растения - болести и вредители
9 (RLIN) 288159
650 #4 - Допълнително описание по предмет – тема
Основно описание – тема или топоним Фитопатология
9 (RLIN) 175863
653 ## - Ключова дума – ненормативна
Ключова дума растителна защита
653 ## - Ключова дума – ненормативна
Ключова дума фитопатология
852 ## - Местоположение
Форматна сигнатура Цб 230585
856 4# - Електронен адрес и достъп
Електронен формат pdf - файл
Път до файла /url/
856 4# - Електронен адрес и достъп
Електронен формат pdf - файл
Път до файла /url/
942 ## - АРТИКУЛИ
Вид на библиотечния материал Книги
Скрит в OPAC Не
Koha issues (borrowed), all copies 6
944 ## - СЪЗДАВАНЕ И РЕДАКЦИЯ на ЗАПИСА
Създаване/Редакция Създаване
Дата на регистрацията/редакция 27.12.2006
Статус, дата на статуса Русанова Ирена
Служител, извършил регистрацията/редакцията 30542
944 ## - СЪЗДАВАНЕ И РЕДАКЦИЯ на ЗАПИСА
Създаване/Редакция Редакция
Дата на регистрацията/редакция 17.12.2012
Статус, дата на статуса ф /
Служител, извършил регистрацията/редакцията
999 ## - СИСТЕМНИ КОНТРОЛНИ НОМЕРА
Koha biblionumber 65948
Koha biblioitemnumber 65948
Наличности
Код за отписване Код за изгубен артикул Източник на класификационната схема Код за повреда Коз за рестрикции Код за отдаване Артикулен № Име на библиотеката - собственик Име на библиотеката, в която се намира в момента Статус (Текущо местоположение) Дата на вписване в системата Местоположение - отдел Цена в лева Инвентарен номер Систематично азбучна сигнатура Баркод Номер на екземпляра Цена в евро Служебна бележка Служебен тип на артикула
  Не е изгубен Universal Decimal Classification Не е повреден без рестрикции заемане за дома 108924 Регионална библиотека "Любен Каравелов" Русе Регионална библиотека "Любен Каравелов" Русе Подвързия, Комплектуване 2006-12-27 Заемна - подръчен фонд 15.00 120000707870 П 632/С 70 120000707870 1 7.67 Дост: Pk Вид: Ф N: 47554 Дата: 20.12.2006 Дата инв: 06.02.2018 Бележки инв: П2018 Книги
  Не е изгубен   Не е повреден без рестрикции ползва се в читалня 108925 Регионална библиотека "Любен Каравелов" Русе Регионална библиотека "Любен Каравелов" Русе Читалня 2006-12-28 Читалня 15.00 120000707919 Ч 632/С 70 120000707919 2 7.67 Дост: Pk Вид: Ф N: 47857 Дата: 21.12.2006 Дата инв: 20.03.2017 Бележки инв: Ч2017 Книги
  Не е изгубен   Не е повреден без рестрикции ползва се в читалня 108926 Регионална библиотека "Любен Каравелов" Русе Регионална библиотека "Любен Каравелов" Русе Хранилище 2012-11-28 Основен фонд - ползва се само за читалня 7.50 120000761932 Цб 230585 120000761932 3 3.83 Дост: Pk Вид: Ф N: 324 Дата: 19.11.2012 Книги
Vip Innovations Ltd, Rousse, Bulgaria 2025